书目信息 |
| 题名: |
单元居室成套家具
|
|
| 作者: | 赖绍斌 编著 | |
| 分册: | ||
| 出版信息: | 福州 福建科学技术出版社 1997.10 |
|
| 页数: | 92页 | |
| 开本: | 16开 | |
| 丛书名: | ||
| 单 册: | ||
| 中图分类: | TU238.2 | |
| 科图分类: | ||
| 主题词: | 建筑设计 | |
| 电子资源: | ||
| ISBN: | 7-5335-1167-0 | |
| 000 | 00563nam0 2200193 45 | |
| 001 | 0007271062 | |
| 005 | 20000727103036.7 | |
| 010 | @a7-5335-1167-0@d28.50元 | |
| 100 | @a20000727d1997 km y0chiy0120 ea | |
| 101 | 0 | @achi |
| 105 | @a z 000yy | |
| 200 | 1 | @a单元居室成套家具@ADan Yuan Ju Shi Cheng Tao Jia Ju@f赖绍斌编著@FLai Shao Bin Bian Zhu |
| 210 | @a福州@c福建科学技术出版社@d1997.10 | |
| 215 | @a92页@d16开 | |
| 606 | 0 | @a建筑设计 |
| 690 | @aTU238.2@v3 | |
| 701 | 0 | @a赖绍斌@4编著 |
| 801 | @aCN@bPftUser@c20000727 | |
| 905 | @b80418-427@dTU238.2@eL071@f10 | |
| 单元居室成套家具/赖绍斌编著.-福州:福建科学技术出版社,1997.10 |
| 92页;16开 |
| ISBN 7-5335-1167-0:28.50元 |
| ● |
| 相关链接 |
|
|
|
正题名:单元居室成套家具
索取号:TU238.2/L071
 
预约/预借
| 序号 | 登录号 | 条形码 | 馆藏地/架位号 | 状态 | 备注 |
| 1 | 80418 | 200804184 | 建筑库101/101建筑库 55排4列4层/ [索取号:TU238.2/L071] | 在馆 | |
| 2 | 80419 | 200804193 | 建筑库101/101建筑库 55排4列4层/ [索取号:TU238.2/L071] | 在馆 | |
| 3 | 80420 | 200804200 | 自科二线404/404自科库 18排2列4层/ [索取号:TU238.2/L071] | 在馆 | |
| 4 | 80421 | 200804219 | 自科二线404/404自科库 18排2列4层/ [索取号:TU238.2/L071] | 在馆 | |
| 5 | 80422 | 200804228 | 建筑库101/101建筑库 55排4列4层/ [索取号:TU238.2/L071] | 在馆 | |
| 6 | 80423 | 200804237 | 自科二线404/404自科库 18排2列4层/ [索取号:TU238.2/L071] | 在馆 | |
| 7 | 80424 | 200804246 | 建筑库101/101建筑库 55排4列4层/ [索取号:TU238.2/L071] | 在馆 | |
| 8 | 80425 | 200804255 | 自科二线404/404自科库 18排2列4层/ [索取号:TU238.2/L071] | 在馆 | |
| 9 | 80426 | 200804264 | 建筑库101/101建筑库 55排4列4层/ [索取号:TU238.2/L071] | 在馆 | |
| 10 | 80427 | 200804273 | 建筑库101/101建筑库 55排4列4层/ [索取号:TU238.2/L071] | 在馆 |